[Event "BayJEM19 - U12w"]
[Site "?"]
[Date "2019.04.22"]
[Round "1.3"]
[White "Kohlhepp, Natalie"]
[Black "Reich, Elisabeth"]
[Result "0-1"]
[WhiteElo "956"]
[BlackElo "1206"]
[PlyCount "130"]
[EventDate "2019.??.??"]
[WhiteTeam "Spvgg Stetten"]
[BlackTeam "ATSV Oberkotzau"]

1. e4 c5 2. Nf3 d6 3. g3 Nf6 4. d3 g6 5. Bg2 Bg7 6. O-O O-O 7. Nbd2 Nc6 8. Re1
Bd7 9. h3 Qc8 10. c3 Bxh3 11. Kh2 Bxg2 12. Kxg2 Qd8 13. d4 cxd4 14. cxd4 Rc8
15. e5 dxe5 16. dxe5 Nd7 17. e6 fxe6 18. Rxe6 Nf6 19. Qb3 Kh8 20. Qa3 a6 21.
Qb3 Qd7 22. Ne4 Na5 23. Nxf6 Bxf6 24. Qe3 Nc6 25. Re4 Qd1 26. Qd2 Qxd2 27. Nxd2
Ne5 28. f4 Nd3 29. Rc4 Nxb2 30. Bxb2 Bxb2 31. Rb1 Rxc4 32. Nxc4 Bf6 33. Rxb7
Ra8 34. Nb6 Rd8 35. Ra7 Rd2+ 36. Kf3 Rxa2 37. Nd5 a5 38. Nxe7 Bxe7 39. Rxe7 a4
40. Re1 Ra3+ 41. Ke2 Rxg3 42. Ra1 a3 43. Kf2 Rb3 44. Ke2 Rb2+ 45. Kd1 a2 46.
Kc1 Rb1+ 47. Rxb1 axb1=Q+ 48. Kxb1 Kg7 49. Kc2 Kf6 50. Kd3 Kf5 51. Ke3 h5 52.
Kf3 h4 53. Kg2 Kxf4 54. Kh3 g5 55. Kh2 Kf3 56. Kh3 g4+ 57. Kxh4 g3 58. Kh3 Kf2
59. Kh4 g2 60. Kh3 g1=Q 61. Kh4 Kf3 62. Kh5 Kf4 63. Kh6 Kf5 64. Kh7 Kf6 65. Kh8
Qg7# 0-1

[Event "BayJEM19 - U12w"]
[Site "?"]
[Date "2019.04.22"]
[Round "1.4"]
[White "Ding, Tina"]
[Black "Kallipke, Felizitas Birgit"]
[Result "0-1"]
[WhiteElo "1157"]
[BlackElo "952"]
[PlyCount "78"]
[EventDate "2019.??.??"]
[WhiteTeam "SC Kempten"]
[BlackTeam "SC Uttenreuth"]

1. d4 d5 2. Nf3 Nf6 3. g3 Bg4 4. Bg2 e6 5. Bf4 Bd6 6. Be5 O-O 7. Bxf6 Qxf6 8.
O-O Nc6 9. c3 Bxf3 10. Bxf3 Ne7 11. e4 dxe4 12. Bxe4 Rab8 13. Nd2 c6 14. Nc4
Rbd8 15. Qd3 c5 16. Bxh7+ Kh8 17. Be4 cxd4 18. cxd4 Bc5 19. Qe2 g6 20. Bxb7
Bxd4 21. Rab1 Nd5 22. Ne3 Qg5 23. Ng4 Nf6 24. Ne3 Bxe3 25. fxe3 Ng4 26. e4 Ne3
27. Rf3 Ng4 28. h3 Ne5 29. Rc3 Rd2 30. Qb5 Rfd8 31. Ba6 Rd1+ 32. Rxd1 Rxd1+ 33.
Kf2 Rd2+ 34. Ke1 Rh2 35. Qe8+ Kh7 36. Kf1 Qd2 37. Qxf7+ Nxf7 38. Be2 Qxe2+ 39.
Kg1 Qg2# 0-1

[Event "BayJEM19 - U12w"]
[Site "?"]
[Date "2019.04.22"]
[Round "1.5"]
[White "Burdett, Sabah"]
[Black "Muhina, Alina"]
[Result "1-0"]
[WhiteElo "952"]
[BlackElo "1114"]
[PlyCount "41"]
[EventDate "2019.??.??"]
[WhiteTeam "TV Tegernsee"]
[BlackTeam "SC Garching"]

1. e4 c6 2. Nf3 d5 3. Nc3 dxe4 4. Nxe4 g6 5. d4 Bg7 6. Bc4 Nh6 7. Bf4 f6 8. Qd2
Nf7 9. O-O-O Bg4 10. Qd3 e5 11. dxe5 Qxd3 12. Rxd3 Nxe5 13. Nxe5 fxe5 14. Bg5
Nd7 15. Nd6+ Kf8 16. Nxb7 Rb8 17. h3 e4 18. Rd6 Rxb7 19. hxg4 Bxb2+ 20. Kd2 Kg7
21. Bh6# 1-0

[Event "BayJEM19 - U12w"]
[Site "?"]
[Date "2019.04.22"]
[Round "1.6"]
[White "Loos, Violeta"]
[Black "Neidert, Anna-Maria"]
[Result "1/2-1/2"]
[WhiteElo "1111"]
[BlackElo "943"]
[PlyCount "79"]
[EventDate "2019.??.??"]
[WhiteTeam "Post Regensburg"]
[BlackTeam "TV-Großostheim"]

1. e4 e5 2. Nf3 Nf6 3. Nc3 Nc6 4. Bb5 a6 5. Ba4 b5 6. Bb3 Bb7 7. O-O Nd4 8.
Nxd4 exd4 9. Ne2 c5 10. c3 d3 11. Ng3 c4 12. Bxc4 bxc4 13. b3 Nxe4 14. Nxe4
Bxe4 15. Re1 f5 16. f3 Bd6 17. fxe4 f4 18. e5 Bc5+ 19. Kh1 O-O 20. Rf1 Qh4 21.
Qf3 Rf7 22. Qxa8+ Rf8 23. Qf3 d6 24. exd6 Bxd6 25. Qd5+ Kh8 26. Qxd6 Kg8 27.
Qd5+ Kh8 28. Qxc4 h6 29. Qxd3 f3 30. g3 Qh3 31. Rxf3 Rxf3 32. Qxf3 Kh7 33. Qg2
Qe6 34. d4 Qe1+ 35. Qg1 Qe4+ 36. Qg2 Qe1+ 37. Qg1 Qe4+ 38. Qg2 Qe1+ 39. Qg1
Qe4+ 40. Qg2 1/2-1/2

[Event "BayJEM19 - U12w"]
[Site "?"]
[Date "2019.04.22"]
[Round "1.7"]
[White "Anaparthi, Aditi"]
[Black "Leykauf, Anna"]
[Result "1-0"]
[WhiteElo "909"]
[BlackElo "1105"]
[PlyCount "81"]
[EventDate "2019.??.??"]
[WhiteTeam "SC Garching"]
[BlackTeam "TSV Bindlach Aktionär"]

1. e4 e5 2. Nf3 Nc6 3. Nc3 Nf6 4. Bb5 d6 5. Bxc6+ bxc6 6. d4 exd4 7. Nxd4 Bd7
8. O-O Be7 9. Qf3 O-O 10. Qg3 Nh5 11. Qf3 Nf6 12. Re1 c5 13. Nb3 Bc6 14. Qg3
Nh5 15. Qg4 g6 16. Bh6 Re8 17. Rad1 Bd7 18. Qf3 Qc8 19. Qd3 Be6 20. Na5 Bf6 21.
Ne2 Bd7 22. Qd5 Re5 23. Qc4 Rb8 24. Qc3 Rxe4 25. Qf3 Ra4 26. Bd2 Bg4 27. Qc6
Bd7 28. Qd5 Bxb2 29. Rb1 Nf6 30. Qf3 Bg4 31. Qc6 Bd7 32. Qf3 Nh5 33. Nc6 Rb6
34. Ne7+ Kf8 35. Nxc8 Bxc8 36. Bh6+ Kg8 37. Qa8 f6 38. Qxc8+ Kf7 39. Qf8+ Ke6
40. Nf4+ Kf5 41. Qc8# 1-0

[Event "BayJEM19 - U12w"]
[Site "?"]
[Date "2019.04.23"]
[Round "2.1"]
[White "Prinzen, Siri Marleen"]
[Black "Reifschneider, Milena"]
[Result "1-0"]
[WhiteElo "1453"]
[BlackElo "961"]
[PlyCount "69"]
[EventDate "2019.??.??"]
[WhiteTeam "SK Tarrasch München"]
[BlackTeam "TSV Bindlach Aktionär"]

1. e4 e5 2. Nf3 Nc6 3. Bc4 Nf6 4. d3 h6 5. Nbd2 Bc5 6. c3 b6 7. Nf1 Bb7 8. Be3
Bxe3 9. Nxe3 Qe7 10. Nf5 Qf8 11. Qd2 O-O-O 12. O-O-O g6 13. Ne3 Kb8 14. Rhe1
Ne7 15. Nxe5 d5 16. exd5 Nfxd5 17. Nxd5 Nxd5 18. Bb3 f6 19. Nxg6 Qg7 20. Nxh8
Qxh8 21. f3 Qg7 22. Re6 Bc8 23. Bxd5 Rxd5 24. Re8 Qf7 25. Qe2 Kb7 26. Qe7 Qh5
27. Qe4 Bd7 28. Rd8 Qg5+ 29. f4 Qh5 30. Rxd7 Qxh2 31. Qxd5+ Ka6 32. Qc4+ Kb7
33. Qxc7+ Ka6 34. Qc4+ Ka5 35. Rxa7# 1-0

[Event "BayJEM19 - U12w"]
[Site "?"]
[Date "2019.04.23"]
[Round "2.2"]
[White "Reich, Elisabeth"]
[Black "Burdett, Sabah"]
[Result "0-1"]
[WhiteElo "1206"]
[BlackElo "952"]
[PlyCount "98"]
[EventDate "2019.??.??"]
[WhiteTeam "ATSV Oberkotzau"]
[BlackTeam "TV Tegernsee"]

1. e4 e5 2. Nf3 Nc6 3. Bc4 Bc5 4. O-O Nf6 5. Nc3 d6 6. h3 Qe7 7. d3 Be6 8. Bxe6
Qxe6 9. Ng5 Qd7 10. Nf3 O-O-O 11. Bg5 Qe6 12. Nd5 h6 13. Bxf6 gxf6 14. Nd2 Rdg8
15. Qf3 Nd4 16. Qd1 Qxh3 17. g3 Rg7 18. Nxf6 h5 19. Nf3 Nxf3+ 20. Qxf3 h4 21.
Qh1 Qxh1+ 22. Kxh1 hxg3+ 23. Kg2 gxf2+ 24. Kf3 Rg1 25. Rxg1 fxg1=Q 26. Rxg1
Bxg1 27. Nd5 Rh2 28. c3 Rxb2 29. a4 Ra2 30. Ne7+ Kd7 31. Nd5 Rxa4 32. Nf6+ Ke6
33. Nd5 c6 34. Nb4 a5 35. Nc2 Ra2 36. Ne3 a4 37. Nc4 b5 38. Na5 c5 39. Nc6 a3
40. Na5 Rf2+ 41. Kg3 a2 42. Nb3 c4 43. dxc4 bxc4 44. Na1 Rf1 45. Nc2 Rc1 46.
Na3 a1=Q 47. Nxc4 Qxc3+ 48. Kg2 Rc2+ 49. Kxg1 Qa1# 0-1

[Event "BayJEM19 - U12w"]
[Site "?"]
[Date "2019.04.23"]
[Round "2.3"]
[White "Kallipke, Felizitas Birgit"]
[Black "Heinze, Vanessa"]
[Result "1-0"]
[WhiteElo "952"]
[BlackElo "1002"]
[PlyCount "107"]
[EventDate "2019.??.??"]
[WhiteTeam "SC Uttenreuth"]
[BlackTeam "SC Ammersee"]

1. e4 e5 2. Nf3 Nc6 3. Bc4 Bc5 4. O-O Nf6 5. Nc3 d6 6. h3 Be6 7. d3 Bxc4 8.
dxc4 h6 9. Be3 Bb6 10. Nd5 Nxe4 11. Qd3 Nf6 12. a3 Nxd5 13. cxd5 Ne7 14. c4 c6
15. dxc6 bxc6 16. Rfd1 Bxe3 17. Qxe3 Qc7 18. c5 dxc5 19. Qxc5 e4 20. Ne5 O-O
21. Rd7 Qb8 22. Rxe7 Qb5 23. Qxc6 Qxc6 24. Nxc6 a6 25. Rxe4 g6 26. Re7 Rac8 27.
Nb4 a5 28. Nd5 Rc2 29. b4 axb4 30. axb4 Rb2 31. Rb7 Rd8 32. Nc3 Rd3 33. Rb8+
Kg7 34. Nd1 Rbd2 35. Ne3 Rd8 36. Rxd8 Rxd8 37. Rb1 Rb8 38. b5 Rb6 39. Nc4 Rb7
40. b6 Kf6 41. Na5 Rb8 42. b7 Ke6 43. Nc6 Re8 44. b8=Q Rxb8 45. Rxb8 Kd6 46.
Nd8 Kc7 47. Ra8 f5 48. Ra6 Kxd8 49. Rxg6 h5 50. Rg5 f4 51. Rxh5 Ke7 52. Rf5 Ke6
53. Rxf4 Ke5 54. g3 1-0

[Event "BayJEM19 - U12w"]
[Site "?"]
[Date "2019.04.23"]
[Round "2.4"]
[White "Zeisler, Sarah"]
[Black "Anaparthi, Aditi"]
[Result "1/2-1/2"]
[WhiteElo "972"]
[BlackElo "909"]
[PlyCount "90"]
[EventDate "2019.??.??"]
[WhiteTeam "SGem Fürth"]
[BlackTeam "SC Garching"]

1. e4 e5 2. Nf3 Nc6 3. Bc4 Nf6 4. d3 Bb4+ 5. Bd2 Bc5 6. O-O O-O 7. Nc3 d6 8.
Bg5 h6 9. Bxf6 Qxf6 10. Nd5 Qg6 11. Nh4 Qg5 12. Nf3 Qg6 13. Nxc7 Rb8 14. Nd5
Bh3 15. Nh4 Qg5 16. Qf3 Bg4 17. Qg3 Nd4 18. Nc3 Bb4 19. h3 Bxc3 20. Kh1 Ne2 21.
Qh2 Bxb2 22. Rab1 Bc1 23. Nf5 Bf4 24. Ng3 Bh5 25. d4 Bxg3 26. fxg3 Nxg3+ 27.
Kg1 Qe3+ 28. Rf2 Ne2+ 29. Bxe2 Bxe2 30. Rb3 Qxd4 31. Rb1 Rfe8 32. Re1 Bh5 33.
Qg3 Re6 34. Qh4 Rf6 35. Kf1 Qc4+ 36. Kg1 Qc5 37. Kf1 Qc4+ 38. Kg1 Qc5 39. Kf1
Qc4+ 40. Kg1 Qd4 41. Kf1 Qc4+ 42. Kg1 Qd4 43. Kf1 g5 44. Qg3 Qc4+ 45. Kg1 Qc5
1/2-1/2

[Event "BayJEM19 - U12w"]
[Site "?"]
[Date "2019.04.23"]
[Round "2.5"]
[White "Winkler, Sarah"]
[Black "Loos, Violeta"]
[Result "0-1"]
[WhiteElo "1264"]
[BlackElo "1111"]
[PlyCount "122"]
[EventDate "2019.??.??"]
[WhiteTeam "SK Neuburg"]
[BlackTeam "Post Regensburg"]

1. e4 e5 2. Nf3 Nf6 3. Nc3 Nc6 4. Bc4 Nxe4 5. Nxe4 d5 6. Bb5 dxe4 7. Bxc6+ bxc6
8. Nxe5 Qd5 9. Ng4 Bf5 10. Ne3 Qe6 11. O-O Bg6 12. Re1 Be7 13. Nf1 Qd7 14. Ng3
f5 15. f3 O-O 16. Qe2 Bc5+ 17. Kh1 Rae8 18. Qc4+ Qd5 19. Qxd5+ cxd5 20. Re2 Rf7
21. b3 Bd4 22. c3 Bb6 23. Nf1 f4 24. fxe4 dxe4 25. Bb2 a5 26. c4 Rff8 27. h3 h6
28. Nh2 h5 29. Rc1 Rf5 30. Rce1 Rff8 31. Ba3 Rf7 32. Nf3 Rf6 33. Ng5 Re5 34.
Nxe4 Bxe4 35. Rxe4 Rxe4 36. Rxe4 f3 37. gxf3 Rxf3 38. d3 Rxh3+ 39. Kg2 Rxd3 40.
Re8+ Kh7 41. Re2 g5 42. Be7 g4 43. Bg5 Kg6 44. Rd2 Rxd2+ 45. Bxd2 h4 46. Be1
Kg5 47. Kh2 c5 48. Kg2 h3+ 49. Kh2 Bc7+ 50. Bg3 Bxg3+ 51. Kxg3 Kh5 52. a3 Kg5
53. Kh2 Kh4 54. a4 g3+ 55. Kg1 h2+ 56. Kg2 Kg4 57. b4 axb4 58. a5 b3 59. a6 b2
60. a7 b1=Q 61. a8=Q Qg1# 0-1

[Event "BayJEM19 - U12w"]
[Site "?"]
[Date "2019.04.23"]
[Round "2.6"]
[White "Neidert, Anna-Maria"]
[Black "Ding, Tina"]
[Result "0-1"]
[WhiteElo "943"]
[BlackElo "1157"]
[PlyCount "60"]
[EventDate "2019.??.??"]
[WhiteTeam "TV-Großostheim"]
[BlackTeam "SC Kempten"]

1. e4 c5 2. Nf3 Nc6 3. Bc4 g6 4. Ng5 e6 5. Nf3 d5 6. Bb5 dxe4 7. Ne5 Bd7 8. Nc3
Nxe5 9. Bxd7+ Qxd7 10. Nxe4 Rc8 11. b3 Bg7 12. Bb2 Nd3+ 13. cxd3 Bxb2 14. Rb1
Bg7 15. Rc1 b6 16. O-O Qxd3 17. Rc4 Qd5 18. d3 Nf6 19. Re1 O-O 20. Ra4 Rc7 21.
Qc1 Qxd3 22. Qf4 Nd5 23. Ra3 Nxf4 24. h3 Qd5 25. b4 f5 26. Rg3 fxe4 27. Ree3
Be5 28. Rg5 Ne2+ 29. Rxe2 Qd1+ 30. Re1 Qxe1# 0-1

[Event "BayJEM19 - U12w"]
[Site "?"]
[Date "2019.04.23"]
[Round "2.7"]
[White "Muhina, Alina"]
[Black "Kohlhepp, Natalie"]
[Result "1-0"]
[WhiteElo "1114"]
[BlackElo "956"]
[PlyCount "91"]
[EventDate "2019.??.??"]
[WhiteTeam "SC Garching"]
[BlackTeam "Spvgg Stetten"]

1. e4 b6 2. Nf3 Nc6 3. d4 d6 4. Bb5 Bb7 5. d5 Qd7 6. dxc6 Bxc6 7. Bxc6 Qxc6 8.
Qd5 Qxd5 9. exd5 Nf6 10. Nc3 e5 11. dxe6 fxe6 12. Nb5 Rc8 13. Nxa7 Ra8 14. Nc6
d5 15. O-O Bd6 16. Re1 Ne4 17. Ng5 Nxg5 18. Bxg5 O-O 19. Be7 Bxe7 20. Nxe7+ Kh8
21. Rxe6 Rfe8 22. Rae1 d4 23. Ng6+ hxg6 24. Rxe8+ Rxe8 25. Rxe8+ Kh7 26. Rc8 c5
27. Rb8 c4 28. Rxb6 d3 29. cxd3 cxd3 30. Rd6 d2 31. Rxd2 Kh6 32. b4 g5 33. b5
g6 34. b6 Kh5 35. b7 Kh6 36. b8=Q Kg7 37. Rd6 g4 38. Qb7+ Kh6 39. Qb6 Kh5 40.
Rxg6 g3 41. Rh6+ Kg5 42. f4+ Kxf4 43. hxg3+ Kxg3 44. Qf6 Kg4 45. Rh8 Kg3 46.
Rg8# 1-0

[Event "BayJEM19 - U12w"]
[Site "?"]
[Date "2019.04.23"]
[Round "3.1"]
[White "Burdett, Sabah"]
[Black "Prinzen, Siri Marleen"]
[Result "0-1"]
[WhiteElo "952"]
[BlackElo "1453"]
[PlyCount "120"]
[EventDate "2019.??.??"]
[WhiteTeam "TV Tegernsee"]
[BlackTeam "SK Tarrasch München"]

1. e4 c6 2. d4 d5 3. Nc3 dxe4 4. Nxe4 Bf5 5. Nc3 Nf6 6. Nf3 e6 7. Bc4 Nbd7 8.
Bf4 Be7 9. Qd2 O-O 10. O-O Nb6 11. Ne5 c5 12. dxc5 Qxd2 13. Bxd2 Bxc5 14. Bd3
Rfd8 15. Rad1 Bxd3 16. cxd3 Bd4 17. Nf3 Bxc3 18. Bxc3 Nfd5 19. Rfe1 Rac8 20.
Be5 Nb4 21. d4 Rc2 22. a3 N4d5 23. Rd2 Rdc8 24. Rxc2 Rxc2 25. b4 Nc4 26. a4
Nxb4 27. h3 Nd3 28. Re4 Rc1+ 29. Kh2 Nxf2 30. Re2 Nd3 31. Bb8 a6 32. Ne5 Ncxe5
33. dxe5 h6 34. Rd2 Rc8 35. Bd6 Nf4 36. Rd4 Nd5 37. Kg3 Rc3+ 38. Kf2 b5 39. a5
Rc2+ 40. Kg3 Ra2 41. Bb4 Nxb4 42. Rxb4 Rxa5 43. Kf3 Ra4 44. Rb2 b4 45. Ke3 a5
46. Kd3 Ra3+ 47. Kc2 b3+ 48. Rxb3 Rxb3 49. Kxb3 Kh7 50. Ka4 Kg6 51. Kxa5 Kf5
52. Kb4 Kxe5 53. Kc3 Ke4 54. Kd2 Kf4 55. Ke2 Kg3 56. Kf1 e5 57. Kg1 e4 58. Kf1
e3 59. Ke2 Kxg2 60. Kxe3 Kxh3 0-1

[Event "BayJEM19 - U12w"]
[Site "?"]
[Date "2019.04.23"]
[Round "3.2"]
[White "Anaparthi, Aditi"]
[Black "Kallipke, Felizitas Birgit"]
[Result "1/2-1/2"]
[WhiteElo "909"]
[BlackElo "952"]
[PlyCount "88"]
[EventDate "2019.??.??"]
[WhiteTeam "SC Garching"]
[BlackTeam "SC Uttenreuth"]

1. e4 e5 2. Nf3 Nc6 3. Nc3 Nf6 4. Bb5 Bc5 5. O-O O-O 6. Nxe5 Nxe5 7. d4 Bxd4 8.
Qxd4 d6 9. Bg5 c5 10. Qd1 Bg4 11. Qd2 h6 12. Bh4 Bf3 13. Nd5 Kh8 14. g3 Bxe4
15. Qf4 Bxd5 16. Rfc1 Nf3+ 17. Kf1 Nxh2+ 18. Kg1 Nf3+ 19. Kf1 Nxh4 20. Qxh4 Ne4
21. Qf4 Qf6 22. Qe3 Qxb2 23. Rcb1 Qxc2 24. Bd3 Qa4 25. a3 Rae8 26. Bb5 Bc4+ 27.
Bxc4 Qxc4+ 28. Kg2 Nc3 29. Qc1 Nxb1 30. Qxc4 Nd2 31. Qd3 Ne4 32. Rf1 a6 33. Qd5
b5 34. Qb7 Nd2 35. Rd1 Ne4 36. Qxa6 Nc3 37. Rxd6 Ra8 38. Qc6 Rfc8 39. Qb7 c4
40. Rd7 Rab8 41. Qa7 Ra8 42. Qb7 Rab8 43. Qa7 Ra8 44. Qb7 Rab8 1/2-1/2

[Event "BayJEM19 - U12w"]
[Site "?"]
[Date "2019.04.23"]
[Round "3.3"]
[White "Loos, Violeta"]
[Black "Zeisler, Sarah"]
[Result "0-1"]
[WhiteElo "1111"]
[BlackElo "972"]
[PlyCount "82"]
[EventDate "2019.??.??"]
[WhiteTeam "Post Regensburg"]
[BlackTeam "SGem Fürth"]

1. e4 e5 2. Nf3 Nc6 3. Bc4 Nf6 4. d3 d6 5. h3 g6 6. Bg5 Bg7 7. O-O O-O 8. Re1
a6 9. a3 b5 10. Ba2 Bb7 11. c3 Ne7 12. Nbd2 d5 13. exd5 Bxd5 14. Bb1 Bxf3 15.
Nxf3 e4 16. dxe4 Nc6 17. e5 Re8 18. exf6 Rxe1+ 19. Qxe1 Bxf6 20. Be4 Qd6 21.
Bxf6 Qxf6 22. Nd4 Re8 23. Nxc6 Re6 24. Nd4 Re8 25. Qe3 c5 26. Nc2 Qd6 27. Qd3
Qe6 28. Bf3 Qc8 29. Bg4 Qc6 30. Bd7 Rd8 31. Qxg6+ Qxg6 32. Bxb5 Qxc2 33. Bxa6
Qxb2 34. Re1 Qxa3 35. Bb7 Qxc3 36. Kf1 Qc4+ 37. Kg1 Qb4 38. Kf1 Qxb7 39. Rc1
Qb5+ 40. Ke1 Re8+ 41. Kd1 Qd3# 0-1

[Event "BayJEM19 - U12w"]
[Site "?"]
[Date "2019.04.23"]
[Round "3.4"]
[White "Heinze, Vanessa"]
[Black "Reich, Elisabeth"]
[Result "1/2-1/2"]
[WhiteElo "1002"]
[BlackElo "1206"]
[PlyCount "86"]
[EventDate "2019.??.??"]
[WhiteTeam "SC Ammersee"]
[BlackTeam "ATSV Oberkotzau"]

1. d4 Nf6 2. c4 g6 3. Nc3 Bg7 4. Bf4 O-O 5. e3 d6 6. Bd3 Nc6 7. d5 Nb8 8. Nf3
c6 9. dxc6 Nxc6 10. O-O Bd7 11. Qd2 a6 12. Rfe1 Rc8 13. b3 Re8 14. Ne4 Nxe4 15.
Bxe4 Bxa1 16. Rxa1 Bg4 17. h3 Bxf3 18. Bxf3 b5 19. cxb5 axb5 20. Qb2 e5 21. Bg3
Nb4 22. a3 Nd3 23. Qd2 Nc5 24. Rb1 Qb6 25. b4 Na4 26. Bg4 Rc7 27. Bh4 Nc3 28.
Rb3 Na4 29. e4 Qc6 30. Rd3 Qc1+ 31. Kh2 Qxd2 32. Rxd2 Nc3 33. f3 Ra7 34. Rxd6
Rxa3 35. Bf6 Ra4 36. Rd3 Na2 37. Bd7 Nxb4 38. Rd1 Re6 39. Bxe6 fxe6 40. Bxe5
Nc2 41. Rb1 b4 42. g4 Ra2 43. Kg3 Ra4 1/2-1/2

[Event "BayJEM19 - U12w"]
[Site "?"]
[Date "2019.04.23"]
[Round "3.5"]
[White "Ding, Tina"]
[Black "Leykauf, Anna"]
[Result "1-0"]
[WhiteElo "1157"]
[BlackElo "1105"]
[PlyCount "113"]
[EventDate "2019.??.??"]
[WhiteTeam "SC Kempten"]
[BlackTeam "TSV Bindlach Aktionär"]

1. d4 d6 2. Nf3 Bg4 3. g3 Bxf3 4. exf3 e5 5. dxe5 dxe5 6. Qxd8+ Kxd8 7. Bg2 Bd6
8. O-O Nf6 9. Bg5 Nbd7 10. Nc3 h6 11. Be3 Ke7 12. Rad1 Rhd8 13. Nd5+ Nxd5 14.
Rxd5 b6 15. Rdd1 Kf8 16. f4 Rac8 17. fxe5 Bxe5 18. Bh3 Ke8 19. Bf4 f6 20. Bxe5
fxe5 21. f4 Rb8 22. Bxd7+ Rxd7 23. fxe5 Rxd1 24. Rxd1 Rd8 25. Rxd8+ Kxd8 26.
Kf2 Kd7 27. Ke3 Ke6 28. Ke4 g6 29. h4 g5 30. c4 c6 31. Kd4 c5+ 32. Ke4 a6 33.
a4 a5 34. b3 Ke7 35. Kf5 Kf7 36. hxg5 hxg5 37. Kxg5 Ke6 38. Kf4 Kf7 39. Kf5 Ke7
40. g4 Kf7 41. g5 Kg7 42. Ke6 Kf8 43. Kd7 b5 44. axb5 a4 45. bxa4 Kf7 46. e6+
Kf8 47. e7+ Kg7 48. e8=Q Kh7 49. g6+ Kg7 50. Qf7+ Kh6 51. Qh7+ Kg5 52. g7 Kf4
53. g8=R Ke3 54. Rg4 Kf3 55. Qh3+ Ke2 56. Rg2+ Kf1 57. Qh1# 1-0

[Event "BayJEM19 - U12w"]
[Site "?"]
[Date "2019.04.23"]
[Round "3.6"]
[White "Reifschneider, Milena"]
[Black "Muhina, Alina"]
[Result "1/2-1/2"]
[WhiteElo "961"]
[BlackElo "1114"]
[PlyCount "87"]
[EventDate "2019.??.??"]
[WhiteTeam "TSV Bindlach Aktionär"]
[BlackTeam "SC Garching"]

1. e4 c6 2. Nc3 d5 3. d3 e5 4. Nf3 Bg4 5. Be2 Bxf3 6. Bxf3 Nf6 7. Be3 d4 8. Bd2
dxc3 9. Bxc3 Nbd7 10. O-O Bc5 11. d4 exd4 12. Bxd4 Bxd4 13. Qxd4 c5 14. Qd6 Rc8
15. e5 Nxe5 16. Qxe5+ Qe7 17. Qf5 O-O 18. Rfe1 Qc7 19. Be4 Nxe4 20. Rxe4 Qd6
21. Rh4 h6 22. g3 Rc7 23. Rg4 Re7 24. Qf3 Rfe8 25. Qc3 Qe5 26. Qa5 Qxb2 27. Rd1
b6 28. Qd2 Re2 29. Qf4 Qxc2 30. Rf1 Qe4 31. Qxe4 R2xe4 32. Rxe4 Rxe4 33. Rb1 c4
34. Rc1 b5 35. a3 a5 36. Kg2 b4 37. axb4 axb4 38. Rb1 b3 39. Kf3 Re8 40. g4 c3
41. Rxb3 Rc8 42. Rb1 c2 43. Rc1 g5 44. Ke3 1/2-1/2

[Event "BayJEM19 - U12w"]
[Site "?"]
[Date "2019.04.23"]
[Round "3.8"]
[White "Kohlhepp, Natalie"]
[Black "Winkler, Sarah"]
[Result "0-1"]
[WhiteElo "956"]
[BlackElo "1264"]
[PlyCount "126"]
[EventDate "2019.??.??"]
[WhiteTeam "Spvgg Stetten"]
[BlackTeam "SK Neuburg"]

1. e4 e5 2. Nf3 Nc6 3. Bc4 Bc5 4. O-O Nf6 5. d3 O-O 6. c3 d6 7. Re1 Re8 8. d4
exd4 9. cxd4 Bb6 10. Nc3 Ba5 11. Qd3 Ne7 12. e5 dxe5 13. Nxe5 Rf8 14. Bg5 Nf5
15. Bxf6 gxf6 16. Nf3 Ng7 17. Bb3 Bf5 18. Qb5 Bb6 19. Rad1 c6 20. Qc4 Qd6 21.
d5 cxd5 22. Qxd5 Qc7 23. Nb5 Qc5 24. Qxc5 Bxc5 25. Nd6 Bb4 26. Re7 Be6 27. Bxe6
Nxe6 28. Rxb7 Bc5 29. Ne4 Rad8 30. Rxd8 Rxd8 31. g3 Rd3 32. Nxc5 Nxc5 33. Rc7
Ne6 34. Ne1 Rd1 35. Rxa7 Rxe1+ 36. Kg2 Rb1 37. a4 Rxb2 38. Ra8+ Kg7 39. a5 Ra2
40. h4 h6 41. Kf3 Ra4 42. Ra7 Nd4+ 43. Ke4 Nc6+ 44. Kf5 Nxa7 45. a6 Rxa6 46.
Kg4 Ra5 47. f4 Kg6 48. Kh3 h5 49. g4 Ra3+ 50. Kh2 hxg4 51. Kg2 Rf3 52. Kh1 Rxf4
53. Kh2 Rf3 54. Kg2 Rh3 55. Kf2 f5 56. Kg2 f4 57. Kf2 Rxh4 58. Kg2 Rh3 59. Kf2
Rh2+ 60. Kg1 Ra2 61. Kf1 g3 62. Kg1 f3 63. Kf1 Ra1# 0-1

[Event "BayJEM19 - U12w"]
[Site "?"]
[Date "2019.04.24"]
[Round "4.1"]
[White "Prinzen, Siri Marleen"]
[Black "Kallipke, Felizitas Birgit"]
[Result "1-0"]
[WhiteElo "1453"]
[BlackElo "952"]
[PlyCount "107"]
[EventDate "2019.??.??"]
[WhiteTeam "SK Tarrasch München"]
[BlackTeam "SC Uttenreuth"]

1. e4 e5 2. Nf3 Nc6 3. Bc4 Nf6 4. d3 h6 5. Nbd2 Bc5 6. c3 O-O 7. Nf1 d6 8. Be3
Be6 9. Bb3 Bb6 10. Bxb6 axb6 11. Bxe6 fxe6 12. Ne3 d5 13. exd5 exd5 14. O-O e4
15. dxe4 dxe4 16. Nd4 Nxd4 17. cxd4 Nd5 18. Qb3 c6 19. Nxd5 cxd5 20. f3 exf3
21. Rxf3 Rxf3 22. Qxf3 Qd7 23. Qb3 Qd6 24. Re1 Rf8 25. Re5 Qf6 26. Qxd5+ Kh8
27. Qf3 Qxf3 28. gxf3 Rxf3 29. Re8+ Kh7 30. Re7 Rf4 31. Rxb7 Rxd4 32. Rxb6 Rd1+
33. Kg2 h5 34. h4 Rd3 35. a3 Kg8 36. b3 Kf8 37. a4 Ke8 38. b4 Ra3 39. a5 Kd8
40. a6 Kc7 41. Rb7+ Kc8 42. b5 Rc3 43. b6 Ra3 44. Rc7+ Kb8 45. a7+ Ka8 46. Rc8+
Kb7 47. Rb8+ Kc6 48. a8=Q+ Rxa8 49. Rxa8 Kxb6 50. Kf3 Kc6 51. Ke4 Kd6 52. Rc8
Ke6 53. Rc6+ Kf7 54. Kf5 1-0

[Event "BayJEM19 - U12w"]
[Site "?"]
[Date "2019.04.24"]
[Round "4.2"]
[White "Zeisler, Sarah"]
[Black "Burdett, Sabah"]
[Result "0-1"]
[WhiteElo "972"]
[BlackElo "952"]
[PlyCount "78"]
[EventDate "2019.??.??"]
[WhiteTeam "SGem Fürth"]
[BlackTeam "TV Tegernsee"]

1. e4 e5 2. Nf3 Nc6 3. Bc4 Bc5 4. d3 Nf6 5. Bg5 h6 6. Bh4 g5 7. Bg3 d6 8. c3
Bg4 9. h3 Bh5 10. O-O Qd7 11. Nbd2 O-O-O 12. a3 g4 13. hxg4 Bxg4 14. Bh2 h5 15.
b4 Bb6 16. a4 a6 17. b5 Nb8 18. Qc1 h4 19. Ng5 Rdf8 20. bxa6 Nxa6 21. Bxa6 bxa6
22. a5 Ba7 23. Nc4 Be2 24. Re1 Bxd3 25. Nb2 Bb5 26. c4 Bc6 27. Rb1 Qg4 28. Nd3
Nxe4 29. Nh3 Rfg8 30. Ndf4 exf4 31. Nxf4 h3 32. g3 Rh4 33. Ne2 f5 34. c5 Nxc5
35. Qe3 f4 36. Qd4 fxg3 37. Qxg4+ Rgxg4 38. f3 Nd3+ 39. Kf1 g2# 0-1

[Event "BayJEM19 - U12w"]
[Site "?"]
[Date "2019.04.24"]
[Round "4.4"]
[White "Reich, Elisabeth"]
[Black "Anaparthi, Aditi"]
[Result "1-0"]
[WhiteElo "1206"]
[BlackElo "909"]
[PlyCount "69"]
[EventDate "2019.??.??"]
[WhiteTeam "ATSV Oberkotzau"]
[BlackTeam "SC Garching"]

1. Nf3 Nc6 2. g3 e5 3. d3 Nf6 4. Bg2 Bc5 5. O-O O-O 6. Nbd2 d6 7. e4 Bg4 8. h3
Bh5 9. Qe1 d5 10. exd5 Nxd5 11. Nb3 Ndb4 12. Qd2 Bb6 13. Nxe5 Ba5 14. Nxc6 Nxc6
15. c3 Re8 16. Qg5 Re5 17. Qxd8+ Rxd8 18. d4 Re6 19. Bf4 Be2 20. Rfe1 Bc4 21.
Rxe6 Bxe6 22. Nxa5 Nxa5 23. Bxc7 Rd7 24. Bxa5 b6 25. Bb4 a5 26. Ba3 Rc7 27. Re1
Bd7 28. Re7 g6 29. h4 f5 30. Bd6 Ra7 31. Bc6 Ra6 32. Rxd7 b5 33. Bd5+ Kh8 34.
Be5+ Rf6 35. Bxf6# 1-0

[Event "BayJEM19 - U12w"]
[Site "?"]
[Date "2019.04.24"]
[Round "4.5"]
[White "Muhina, Alina"]
[Black "Heinze, Vanessa"]
[Result "1/2-1/2"]
[WhiteElo "1114"]
[BlackElo "1002"]
[PlyCount "89"]
[EventDate "2019.??.??"]
[WhiteTeam "SC Garching"]
[BlackTeam "SC Ammersee"]

1. e4 e5 2. Nf3 Nc6 3. d4 exd4 4. Nxd4 Bc5 5. Nxc6 bxc6 6. Nc3 d6 7. Bd3 Be6 8.
Qe2 Ne7 9. Be3 Bb6 10. Bxb6 cxb6 11. O-O-O O-O 12. f4 a5 13. f5 Bd7 14. g4 f6
15. h4 b5 16. h5 g5 17. hxg6 hxg6 18. Qh2 Kf7 19. Qh7+ Ke8 20. fxg6 Be6 21. Ne2
Bxg4 22. g7 Rg8 23. Qh8 Kd7 24. Qh6 f5 25. exf5 Bxf5 26. Bxf5+ Nxf5 27. Qh3 Qf6
28. Ng3 Qg5+ 29. Kb1 Kc7 30. Nxf5 d5 31. Qh2+ Kb7 32. Nd6+ Ka6 33. Rhg1 Qf6 34.
Rg2 Rad8 35. Rdg1 Rxd6 36. Rg6 Qxg6 37. Rxg6 Rxg6 38. b3 R8xg7 39. a4 Rg2 40.
Qb8 Rb7 41. Qa8+ Kb6 42. Qd8+ Kc5 43. Qf8+ Kd4 44. Qf4+ Kc5 45. Qf8+ 1/2-1/2